La guerra mafiosa
| 1. VerfasserIn: | |
|---|---|
| Medienart: | Druck Buch |
| Sprache: | Italienisch |
| Veröffentlicht: |
Roma
Riuniti
1981
|
| In: |
Tendenze (13)
Jahr: 1981 |
| Bestand in Tübingen: | In Tübingen vorhanden. UB: KB 4 E 376 |
| Verfügbarkeit prüfen: | HBZ Gateway |
| Subito Bestelldienst: | Jetzt bestellen. |
MARC
| LEADER | 00000cam a22000002c 4500 | ||
|---|---|---|---|
| 001 | 1090524692 | ||
| 003 | DE-627 | ||
| 005 | 20251224220330.0 | ||
| 007 | tu | ||
| 008 | 900522s1981 xx ||||| 00| ||ita c | ||
| 035 | |a (DE-627)1090524692 | ||
| 035 | |a (DE-576)020524692 | ||
| 035 | |a (DE-599)BSZ020524692 | ||
| 035 | |a (OCoLC)09281963 | ||
| 040 | |a DE-627 |b ger |c DE-627 |e rakwb | ||
| 041 | |a ita | ||
| 082 | 0 | |a 364.1/06/045 | |
| 100 | 1 | |a Martelli, Franco |4 aut | |
| 245 | 1 | 3 | |a La guerra mafiosa |c Franco Martelli |
| 264 | 1 | |a Roma |b Riuniti |c 1981 | |
| 300 | |a 109 S. | ||
| 336 | |a Text |b txt |2 rdacontent | ||
| 337 | |a ohne Hilfsmittel zu benutzen |b n |2 rdamedia | ||
| 338 | |a Band |b nc |2 rdacarrier | ||
| 490 | 1 | |a Tendenze |v 13 | |
| 583 | 1 | |a Archivierung prüfen |c 20200919 |f DE-640 |z 2 |2 pdager | |
| 830 | 0 | |a Tendenze |v 13 |9 13 |w (DE-627)1090524609 |w (DE-576)020524609 |7 am | |
| 951 | |a BO | ||
| ELC | |b 1 | ||
| LOK | |0 000 xxxxxcx a22 zn 4500 | ||
| LOK | |0 001 2145215247 | ||
| LOK | |0 003 DE-627 | ||
| LOK | |0 004 1090524692 | ||
| LOK | |0 005 20020606000000 | ||
| LOK | |0 008 900522||||||||||||||||ger||||||| | ||
| LOK | |0 040 |a DE-21 |c DE-627 |d DE-21 | ||
| LOK | |0 852 |a DE-21 | ||
| LOK | |0 852 1 |c KB 4 E 376 |9 00 | ||
| LOK | |0 935 |a krim | ||
| LOK | |0 936ln |a k11.3.2 | ||
| LOK | |0 939 |a 22-05-90 |b l01 | ||
| ORI | |a SA-MARC-krimdoka001.raw | ||
| SIG | |a UB: KB 4 E 376 | ||
